[Event "SVK-ch Amateurs"]
[Site "Liptovsky Jan"]
[Date "2023.06.18"]
[Round "8"]
[White "Lazniewska, Zofia"]
[Black "Simkovic, Eduard"]
[Result "1-0"]
[WhiteElo "1583"]
[BlackElo "1816"]
[PlyCount "81"]
[EventDate "2023.06.15"]
[EventType "swiss"]
[EventRounds "8"]
[EventCountry "SVK"]
[SourceTitle "CBM 214 Extra"]
[Source "ChessBase"]
[SourceDate "2023.07.31"]
[SourceVersion "1"]
[SourceVersionDate "2023.07.31"]
[SourceQuality "1"]

1. e4 e5 2. Nf3 Nc6 3. Nc3 Nf6 4. d4 Nxd4 5. Nxd4 exd4 6. Qxd4 d6 7. Bg5 Be7 8. Bc4 0-0 9. 0-0 a6 10. a4 Bd7 11. Rfe1 Bc6 12. Rad1 Re8 13. Bf4 Qc8 14. Bg3 Nh5 15. Nd5 Bf8 16. b3 Nxg3 17. hxg3 a5 18. Qc3 Bxd5 19. exd5 Rxe1+ 20. Rxe1 c6 21. Qf3 Qd7 22. Re4 g6 23. Rf4 c5 24. Bb5 Qe7 25. Re4 Qg5 26. Qd1 Bg7 27. Bc4 Bd4 28. Qe1 h5 29. Re7 Qxg3 30. Rxb7 Kg7 31. c3 Re8 32. Be2 Be3 33. Kf1 Qf4 34. Bf3 g5 35. fxe3 Rxe3 36. Qf2 Rxc3 37. Bd1 Qxf2+ 38. Kxf2 Kg6 39. Rd7 f6 40. Rxd6 Rd3 41. Bc2 1-0

[Event "POL-ch U14 Girls"]
[Site "Uniejow"]
[Date "2021.07.21"]
[Round "4"]
[White "Lazniewska, Zofia"]
[Black "Tokarz, Izabela"]
[Result "1-0"]
[WhiteElo "1625"]
[BlackElo "1681"]
[PlyCount "71"]
[EventDate "2021.07.18"]
[EventType "swiss"]
[EventRounds "9"]
[EventCountry "POL"]
[SourceTitle "EXT 2022"]
[Source "ChessBase"]
[SourceDate "2021.10.06"]
[SourceVersion "1"]
[SourceVersionDate "2021.10.06"]
[SourceQuality "1"]

1. e4 c5 2. Nf3 d6 3. c3 Nf6 4. Bd3 g6 5. 0-0 Bg7 6. Bc2 0-0 7. d4 cxd4 8. cxd4 Nc6 9. Nc3 Bg4 10. Be3 Nd7 11. Qd2 Bxf3 12. gxf3 Nb6 13. b3 Rc8 14. Rac1 Qd7 15. Ne2 Qh3 16. f4 h5 17. f3 d5 18. Kh1 Qd7 19. Rg1 Rcd8 20. Rcd1 a5 21. f5 e5 22. fxg6 f6 23. dxe5 d4 24. Nxd4 Nxd4 25. Bxd4 fxe5 26. Be3 Qh3 27. Qg2 Qe6 28. Qg5 Rxd1 29. Bxd1 Nd7 30. Qxh5 Nf6 31. Qh4 Rd8 32. Be2 Kf8 33. Bc5+ Ke8 34. Bb5+ Nd7 35. Bc4 Bf6 36. Bxe6 1-0

[Event "Wch FIDE Online U12 Girls Europe qual"]
[Site "Tornelo INT"]
[Date "2020.12.09"]
[Round "6"]
[White "Lazniewska, Zofia"]
[Black "Bueckert, Diana"]
[Result "0-1"]
[WhiteElo "1331"]
[BlackElo "1357"]
[PlyCount "116"]
[EventDate "2020.12.07"]
[EventType "swiss (rapid)"]
[EventRounds "7"]
[EventCountry "ISS"]
[SourceTitle "EXT 2022"]
[Source "ChessBase"]
[SourceDate "2021.10.06"]
[SourceVersion "1"]
[SourceVersionDate "2021.10.06"]
[SourceQuality "1"]

1. e4 e6 2. d4 d5 3. Nd2 a6 4. Bd3 c5 5. c3 Nc6 6. Ne2 cxd4 7. cxd4 dxe4 8. Nxe4 Be7 9. Be3 Nf6 10. 0-0 0-0 11. Bc2 b5 12. Qd3 Nd5 13. N4c3 Nf6 14. a3 Bb7 15. Ne4 g6 16. Nxf6+ Bxf6 17. Rad1 Bg7 18. Nf4 e5 19. dxe5 Qxd3 20. Nxd3 Nxe5 21. Nxe5 Bxe5 22. Bd4 Bxd4 23. Rxd4 Rad8 24. Rfd1 Rxd4 25. Rxd4 Rc8 26. Rd2 Re8 27. f3 a5 28. Kf2 h5 29. Bb3 a4 30. Ba2 Rb8 31. Rd7 Bc6 32. Rxf7 Kh8 33. Rf6 Bd7 34. Rxg6 Be8 35. Re6 Bf7 36. Re5 Bxa2 37. Rxh5+ Kg7 38. Rg5+ Kf6 39. Rh5 b4 40. axb4 Rxb4 41. Rh6+ Ke5 42. Rh5+ Kd4 43. Rh4+ Kc5 44. Rh5+ Bd5 45. g4 Rxb2+ 46. Kg3 a3 47. g5 a2 48. g6 a1Q 49. g7 Qg1+ 50. Kh3 Qxg7 51. f4 Qg2+ 52. Kh4 Qxh2+ 53. Kg5 Rg2+ 54. Kh6 Qxf4+ 55. Kh7 Qe4+ 56. Kh6 Qe6+ 57. Kh7 Qf7+ 58. Kh8 Qg7# 0-1

[Event "Wch FIDE Online U12 Girls Europe qual"]
[Site "Tornelo INT"]
[Date "2020.12.08"]
[Round "4"]
[White "Lazniewska, Zofia"]
[Black "Trunz, Michelle"]
[Result "0-1"]
[WhiteElo "1331"]
[BlackElo "1662"]
[PlyCount "134"]
[EventDate "2020.12.07"]
[EventType "swiss (rapid)"]
[EventRounds "7"]
[EventCountry "ISS"]
[SourceTitle "EXT 2022"]
[Source "ChessBase"]
[SourceDate "2021.10.06"]
[SourceVersion "1"]
[SourceVersionDate "2021.10.06"]
[SourceQuality "1"]

1. e4 c5 2. c3 d6 3. d4 cxd4 4. cxd4 Nf6 5. Nc3 a6 6. Nf3 e6 7. Bd3 Be7 8. 0-0 Qc7 9. Bf4 Nbd7 10. Rc1 Qb8 11. Re1 b5 12. a3 Bb7 13. Bg5 h6 14. Bh4 Qd8 15. e5 dxe5 16. dxe5 Nd5 17. Bxe7 Qxe7 18. Ne4 0-0 19. Nd6 Nxe5 20. Nxb7 Nxd3 21. Qxd3 Qxb7 22. Ne5 Rac8 23. Qf3 Rxc1 24. Rxc1 Rb8 25. h3 f6 26. Nd3 Ne7 27. Qe3 e5 28. Nc5 Qa7 29. Qb3+ Kh7 30. Qd3+ g6 31. Ne4 Kg7 32. Qd6 Rb6 33. Qc5 Qb7 34. Qc7 Qxc7 35. Rxc7 Kf7 36. b4 Rc6 37. Rxc6 Nxc6 38. Nc5 Nd4 39. Nxa6 Nc2 40. Nc7 Nxa3 41. f3 Nc2 42. Nxb5 Nxb4 43. Kf2 Nd5 44. Nd6+ Ke6 45. Ne4 f5 46. Nc5+ Kd6 47. Nd3 g5 48. g3 h5 49. Ke2 f4 50. Kf2 Nc3 51. gxf4 exf4 52. h4 Nd5 53. hxg5 Ke6 54. Nc5+ Kf5 55. Ne4 Ne7 56. Kg2 Ng6 57. Kh3 h4 58. Kg2 Ne5 59. Kf2 h3 60. Nd6+ Kxg5 61. Ne4+ Kh4 62. Nd2 Nd3+ 63. Kg1 Kg3 64. Kh1 Nf2+ 65. Kg1 h2+ 66. Kf1 h1Q+ 67. Ke2 Qd1# 0-1

[Event "EU Union-ch U12"]
[Site "Kouty nad Desnou"]
[Date "2019.08.22"]
[Round "7"]
[White "Lazniewska, Zofia"]
[Black "Kostov, Kiril"]
[Result "1-0"]
[WhiteElo "1371"]
[BlackElo "1678"]
[PlyCount "117"]
[EventDate "2019.08.16"]
[EventType "swiss"]
[EventRounds "9"]
[EventCountry "CZE"]
[SourceTitle "EXT 2020"]
[Source "ChessBase"]
[SourceDate "2019.10.17"]
[SourceVersion "1"]
[SourceVersionDate "2019.10.17"]
[SourceQuality "1"]

1. e4 c5 2. Nf3 d6 3. c3 Nf6 4. Bd3 e6 5. Bc2 Nbd7 6. d4 cxd4 7. cxd4 Be7 8. 0-0 a6 9. Nbd2 b5 10. a4 b4 11. Re1 Bb7 12. Nc4 Nxe4 13. Bxe4 Bxe4 14. Nxd6+ Bxd6 15. Rxe4 0-0 16. Bg5 Qa5 17. Rc1 Rac8 18. b3 Qd5 19. Re1 a5 20. h3 Qb7 21. Nd2 Rxc1 22. Qxc1 Rc8 23. Qd1 h6 24. Be3 Nb6 25. Qg4 Kh7 26. Qe4+ Qxe4 27. Nxe4 Be7 28. Rc1 f5 29. Rxc8 Nxc8 30. Nc5 Bxc5 31. dxc5 Kg6 32. Bf4 Ne7 33. Bc7 Nc6 34. f4 Kf6 35. Kf2 g6 36. Ke3 g5 37. g3 e5 38. fxe5+ Nxe5 39. Bxa5 Nc6 40. Bc7 Ke6 41. a5 Kd5 42. Bb6 Nb8 43. Ba7 Na6 44. Bb6 Nxc5 45. Bxc5 Kxc5 46. Kd3 h5 47. h4 gxh4 48. gxh4 Kb5 49. Ke3 Kxa5 50. Kf4 Kb5 51. Kxf5 Kc5 52. Ke5 Kc6 53. Kd4 Kb6 54. Kc4 Kc6 55. Kxb4 Kb6 56. Kc4 Ka5 57. Kc5 Ka6 58. Kd5 Kb5 59. Ke5 1-0

[Event "EU-ch U12 Girls"]
[Site "Bratislava"]
[Date "2019.08.04"]
[Round "3"]
[White "Lazniewska, Zofia"]
[Black "Toquero Gracia, Laura"]
[Result "1-0"]
[WhiteElo "1371"]
[BlackElo "1259"]
[PlyCount "109"]
[EventDate "2019.08.02"]
[EventType "swiss"]
[EventRounds "9"]
[EventCountry "SVK"]
[SourceTitle "EXT 2020"]
[Source "ChessBase"]
[SourceDate "2019.10.17"]
[SourceVersion "1"]
[SourceVersionDate "2019.10.17"]
[SourceQuality "1"]

1. e4 c5 2. c3 d5 3. exd5 Qxd5 4. d4 Nc6 5. dxc5 Qxc5 6. Be3 Qa5 7. Nd2 Nf6 8. Nb3 Qc7 9. Nf3 e6 10. Nfd4 a6 11. Be2 Bd6 12. Nxc6 Qxc6 13. Bf3 Qc7 14. h3 0-0 15. Bg5 Be7 16. 0-0 h6 17. Bh4 Rb8 18. Re1 Qd8 19. Qc2 b5 20. Rad1 Qb6 21. Bg3 Bb7 22. Bxb8 Bxf3 23. gxf3 Qxb8 24. Qe2 Qf4 25. Qe5 Qxf3 26. Qg3 Qf5 27. Nd4 Qh5 28. Nc6 Bc5 29. Rd2 Qf5 30. b4 Ne4 31. bxc5 Nxg3 32. Ne7+ Kh7 33. Nxf5 Nxf5 34. Re5 Nh4 35. Rd3 Rc8 36. Kf1 Ng6 37. Re4 Rxc5 38. Ke1 Ne5 39. Rg3 g5 40. h4 gxh4 41. Rxh4 Ng6 42. Rhg4 Re5+ 43. Kf1 Rd5 44. c4 bxc4 45. Rxc4 Ne5 46. Ra4 a5 47. Rga3 Nc6 48. Rc3 Nb4 49. a3 Nd3 50. f4 f5 51. Rac4 Nb2 52. Rc7+ Kg6 53. Rg3+ Kh5 54. Rcg7 e5 55. Rh3# 1-0

[Event "EU-ch U12 Girls"]
[Site "Bratislava"]
[Date "2019.08.03"]
[Round "2"]
[White "Grisin, Lia"]
[Black "Lazniewska, Zofia"]
[Result "1/2-1/2"]
[WhiteElo "1019"]
[BlackElo "1371"]
[PlyCount "72"]
[EventDate "2019.08.02"]
[EventType "swiss"]
[EventRounds "9"]
[EventCountry "SVK"]
[SourceTitle "EXT 2020"]
[Source "ChessBase"]
[SourceDate "2019.10.17"]
[SourceVersion "1"]
[SourceVersionDate "2019.10.17"]
[SourceQuality "1"]

1. e4 c5 2. c3 d5 3. exd5 Qxd5 4. d4 Nf6 5. Nf3 Bg4 6. Be2 Nc6 7. 0-0 e6 8. h3 Bh5 9. Be3 cxd4 10. cxd4 Be7 11. Nc3 Qd6 12. Qb3 Qb4 13. Qxb4 Bxb4 14. a3 Be7 15. Rfd1 Rd8 16. Rac1 0-0 17. Ne5 Bxe2 18. Nxe2 Nxe5 19. dxe5 Nd5 20. Bc5 Bxc5 21. Rxc5 Nf4 22. Rxd8 Nxe2+ 23. Kf1 Ng3+ 24. fxg3 Rxd8 25. Rc7 Rb8 26. Kf2 Kf8 27. g4 g6 28. Kf3 g5 29. Ke4 Ke8 30. b4 h6 31. a4 Kf8 32. b5 Ke8 33. a5 Kf8 34. g3 Ke8 35. h4 Kf8 36. h5 Ke8 1/2-1/2

[Event "EU Union-ch U10"]
[Site "Kouty nad Desnou"]
[Date "2018.08.11"]
[Round "5"]
[White "Lazniewska, Zofia"]
[Black "Vingris, Mikelis"]
[Result "1-0"]
[WhiteElo "1261"]
[BlackElo "1485"]
[PlyCount "99"]
[EventDate "2018.08.07"]
[EventType "swiss"]
[EventRounds "9"]
[EventCountry "CZE"]
[SourceTitle "CBM 186 Extra"]
[Source "ChessBase"]
[SourceDate "2018.08.24"]
[SourceVersion "1"]
[SourceVersionDate "2018.08.24"]
[SourceQuality "1"]

1. e4 c5 2. Nc3 Nc6 3. g3 g6 4. Bg2 Bg7 5. d3 e6 6. Be3 d6 7. Qd2 Nge7 8. Nf3 0-0 9. 0-0 Nd4 10. Bxd4 cxd4 11. Ne2 Nc6 12. c3 Qa5 13. cxd4 Qxd2 14. Nxd2 Nxd4 15. Nxd4 Bxd4 16. Rab1 b6 17. Nb3 Bg7 18. e5 d5 19. d4 Ba6 20. Rfc1 Bh6 21. Rc3 Rac8 22. f4 Rxc3 23. bxc3 Rc8 24. Rc1 g5 25. Bf1 Bxf1 26. Kxf1 gxf4 27. gxf4 Bxf4 28. Rc2 h6 29. h3 Rc4 30. Kg2 Kh7 31. Kf3 Bg5 32. Kg4 Kg6 33. h4 Be7 34. h5+ Kg7 35. Nd2 Rc7 36. Nb1 Bg5 37. Kf3 Be7 38. Kf4 Kf8 39. Kf3 Bg5 40. Ke2 Ke8 41. Kf3 Kd7 42. Kf2 Kc6 43. Kf3 Kb5 44. Kf2 Kc4 45. Ke2 Kb5 46. Kf3 Ka4 47. Ke2 b5 48. Rb2 a6 49. Rb3 a5 50. Ra3# 1-0

[Event "EU Union-ch U10"]
[Site "Kouty nad Desnou"]
[Date "2017.08.22"]
[Round "4"]
[White "Kostov, Kiril"]
[Black "Lazniewska, Zofia"]
[Result "0-1"]
[WhiteElo "1129"]
[BlackElo "1237"]
[PlyCount "206"]
[EventDate "2017.08.19"]
[EventType "swiss"]
[EventRounds "9"]
[EventCountry "CZE"]
[SourceTitle "CBM 180 Extra"]
[Source "ChessBase"]
[SourceDate "2017.10.06"]
[SourceVersion "1"]
[SourceVersionDate "2017.10.06"]
[SourceQuality "1"]

1. e4 e5 2. Nf3 Nc6 3. Nc3 Nf6 4. d4 exd4 5. Nxd4 Bb4 6. Nxc6 bxc6 7. Bd3 d5 8. exd5 cxd5 9. 0-0 0-0 10. Bg5 c6 11. Qf3 Be7 12. Rfe1 Be6 13. Ne2 Nd7 14. Bxe7 Qxe7 15. Nf4 Qf6 16. Nxe6 fxe6 17. Qxf6 Rxf6 18. b4 h6 19. Ba6 Rb8 20. a3 c5 21. Rab1 e5 22. Bf1 Rfb6 23. b5 c4 24. a4 a6 25. h3 axb5 26. axb5 Rxb5 27. Rbd1 Rd8 28. c3 e4 29. Rd2 Rc5 30. Red1 Nf6 31. Rd4 Re8 32. Re1 Rb8 33. Rd2 Rb3 34. Rc1 Ra5 35. Rdc2 Rab5 36. Re2 Rb1 37. Ree1 Rxc1 38. Rxc1 Nd7 39. Be2 Nc5 40. Kh2 Na4 41. Bd1 Nc5 42. Bh5 Nd3 43. Ra1 Nxf2 44. Bg6 Rb8 45. Kg3 Nd3 46. Ra5 e3 47. Ra2 Rf8 48. Re2 Nf4 49. Rxe3 Nxg6 50. h4 Rf6 51. Re8+ Nf8 52. Rd8 Re6 53. Kf3 Rf6+ 54. Ke3 Rf5 55. g4 Re5+ 56. Kf3 Kf7 57. Ra8 Ne6 58. Ra7+ Kf6 59. Rd7 Nc5 60. Rd6+ Kf7 61. Rc6 Nd3 62. Rc7+ Kg8 63. Rc8+ Kh7 64. Rc6 Re1 65. Rd6 Rc1 66. Rxd5 Rxc3 67. Ke4 Nf2+ 68. Kf4 Rd3 69. Rc5 c3 70. h5 Rd4+ 71. Ke3 Rxg4 72. Kxf2 Rh4 73. Kg3 Rh1 74. Kg4 Rc1 75. Kf3 Rh1 76. Kg4 Rc1 77. Kf3 Rg1 78. Kf4 Rg5 79. Rxc3 Rxh5 80. Rg3 Rh4+ 81. Kf3 Ra4 82. Kf2 h5 83. Rh3 Kh6 84. Kg2 g6 85. Rg3 h4 86. Rh3 Kh5 87. Kf1 Kg4 88. Rh2 Ra1+ 89. Kf2 Ra2+ 90. Kg1 Rxh2 91. Kxh2 Kf3 92. Kg1 g5 93. Kf1 g4 94. Kg1 h3 95. Kh2 g3+ 96. Kxh3 Kf2 97. Kh4 g2 98. Kh5 g1Q 99. Kh6 Kf3 100. Kh7 Kf4 101. Kh6 Kf5 102. Kh7 Kf6 103. Kh8 Qg7# 0-1

[Event "EU Union-ch U10"]
[Site "Kouty nad Desnou"]
[Date "2017.08.21"]
[Round "3"]
[White "Lazniewska, Zofia"]
[Black "Oztuksavul, Ida"]
[Result "0-1"]
[WhiteElo "1237"]
[BlackElo "1370"]
[PlyCount "94"]
[EventDate "2017.08.19"]
[EventType "swiss"]
[EventRounds "9"]
[EventCountry "CZE"]
[SourceTitle "CBM 180 Extra"]
[Source "ChessBase"]
[SourceDate "2017.10.06"]
[SourceVersion "1"]
[SourceVersionDate "2017.10.06"]
[SourceQuality "1"]

1. e4 c5 2. c3 Nf6 3. e5 Nd5 4. Nf3 Nc6 5. d4 e6 6. Be2 Be7 7. 0-0 0-0 8. Bc4 Nc7 9. Re1 cxd4 10. cxd4 d5 11. Bb3 b5 12. a3 a5 13. Be3 Ba6 14. Kh1 f5 15. Qc1 Qe8 16. Bf4 Bb7 17. Nbd2 Rc8 18. Nf1 Na8 19. Qe3 Nb6 20. h3 a4 21. Ba2 Na5 22. N1d2 Qh5 23. Rac1 h6 24. Kg1 Ba6 25. Bh2 g5 26. Qe2 g4 27. hxg4 fxg4 28. Qd1 gxf3 29. Nxf3 Nac4 30. Bxc4 Nxc4 31. Qe2 Kh8 32. Bg3 Rg8 33. Rb1 Rg7 34. Qd3 Rcg8 35. Qc3 Bb7 36. Qd3 Bc6 37. Qc3 Be8 38. Qd3 Bg6 39. Qc3 Be4 40. Rbc1 Rf8 41. Rcd1 Bxf3 42. gxf3 Rxf3 43. Qc2 Bh4 44. Re2 Bxg3 45. fxg3 Rfxg3+ 46. Kf2 Qf3+ 47. Ke1 Rg1# 0-1